MARC details
| 000 -CABECERA |
| campo de control de longitud fija |
00920nam a2200265 a 4500 |
| 001 - NÚMERO DE CONTROL |
| campo de control |
000042022 |
| 005 - FECHA Y HORA DE LA ÚLTIMA TRANSACCIÓN |
| campo de control |
20250217111403.0 |
| 008 - DATOS DE LONGITUD FIJA--INFORMACIÓN GENERAL |
| campo de control de longitud fija |
131107s1984 sp ac 000 0bspa d |
| 020 ## - NÚMERO INTERNACIONAL ESTÁNDAR DEL LIBRO |
| Número Internacional Estándar del Libro |
8434581493 |
| 040 ## - FUENTE DE LA CATALOGACIÓN |
| Centro catalogador/agencia de origen |
DO-SdBNP |
| Lengua de catalogación |
spa |
| Centro/agencia transcriptor |
BNPHU |
| 082 ## - NÚMERO DE LA CLASIFICACIÓN DECIMAL DEWEY |
| Número de clasificación |
181.4 |
| Número de documento/Ítem |
G195R |
| 100 1# - ENTRADA PRINCIPAL--NOMBRE DE PERSONA |
| Nombre de persona |
Rau, Heimo, |
| Fechas asociadas al nombre |
1912-1993 |
| 9 (RLIN) |
68971 |
| 240 10 - TÍTULO UNIFORME |
| Título uniforme |
Gandhi |
| Lenguaje de la obra |
spa |
| 245 10 - MENCIÓN DE TÍTULO |
| Título |
Gandhi / |
| Mención de responsabilidad, etc. |
Heimo Rau ; traducción Rosa Pilar Blanco ; prólogo Ramiro A. Calle. |
| 260 ## - PUBLICACIÓN, DISTRIBUCIÓN, ETC. |
| Lugar de publicación, distribución, etc. |
Barcelona : |
| Nombre del editor, distribuidor, etc. |
Salvat, |
| Fecha de publicación, distribución, etc. |
1984. |
| 300 ## - DESCRIPCIÓN FÍSICA |
| Extensión |
187 p. : |
| Otras características físicas |
il., retrs. ; |
| Dimensiones |
20 cm. |
| 490 1# - MENCIÓN DE SERIE |
| Mención de serie |
Biblioteca Salvat de grandes biografías |
| Designación de volumen o secuencia |
4 |
| 500 ## - NOTA GENERAL |
| Nota general |
Traducción de: Gandhi. |
| 504 ## - NOTA DE BIBLIOGRAFÍA, ETC. |
| Nota de bibliografía, etc. |
Bibliografía : p. 187 |
| 600 10 - PUNTO DE ACCESO ADICIONAL DE MATERIA--NOMBRE DE PERSONA |
| Nombre de persona |
Gandhi, |
| Títulos y otros términos asociados al nombre |
Mahatma, |
| Fechas asociadas al nombre |
1869-1948 |
| 9 (RLIN) |
21118 |
| 700 12 - PUNTO DE ACCESO ADICIONAL--NOMBRE DE PERSONA |
| Nombre de persona |
Pilar Blanco, Rosa |
| Término indicativo de función/relación |
tr. |
| 9 (RLIN) |
50113 |
| 700 12 - PUNTO DE ACCESO ADICIONAL--NOMBRE DE PERSONA |
| Nombre de persona |
Calle, Ramiro A. |
| Término indicativo de función/relación |
pról. |
| 9 (RLIN) |
68972 |
| 830 #0 - PUNTO DE ACCESO ADICIONAL DE SERIE-TÍTULO UNIFORME |
| Título uniforme |
Biblioteca Salvat de grandes biografías |
| Número de parte o sección de la obra |
4 |
| 9 (RLIN) |
68973 |
| 910 ## - DATOS DE OPCIÓN DEL USUARIO (OCLC) |
| Datos de opción del usuario |
Validado. Control de calidad MFF |